Normal view
MARC view
Entry Topical Term
001 - CONTROL NUMBER
- : 3030
003 - CONTROL NUMBER IDENTIFIER
- : OSt
005 - DATE AND TIME OF LATEST TRANSACTION
- : 20251229145434.0
008 - FIXED-LENGTH DATA ELEMENTS
- : 251229|| aca||aabn | a|a d
040 ## - CATALOGING SOURCE
- : OSt
- : OSt
150 ## - HEADING--TOPICAL TERM
- : Atheism
670 ## - SOURCE DATA FOUND
- : Work cat.: (OSt)10156: Singh, Bhagat 3028, Why I Am an Atheist and Other Works, 2020.
942 ## - KOHA INTERNAL USE
- : TOPIC_TERM